01346nam a22002777a 45000010005000000030006000050050017000110080041000280200018000690400029000870500014001160820008001301000021001382450045001592600051002043000043002554900031002985050008003295200580003375210020009175210020009376500024009576500019009816500037010007000031010375257FISKH20241121141403.0241121b cb ||||| |||| 00| 0 eng d a9780194789073 aFISKHbengcFISKHdFISKH aPE1126.A4 a428 aBorder, Rosemary aThe Lottery Winner /cby Rosemary Border aNew York :bOxford University Press ;c2008 .  a56 pages : billustrations ;c21 cm .  aOxford Bookworms vStage 1 aW  aThis award-winning collection of adapted classic literature and original stories develops reading skills for low-beginning through advanced students. Accessible language and carefully controlled vocabulary build students' reading confidence. Introductions at the beginning of each story, illustrations throughout, and glossaries help build comprehension. Before, during, and after reading activities included in the back of each book strengthen student comprehension. Audio versions of selected titles provide great models of intonation and pronunciation of difficult words. 8 a870 bLexile 8 aW bRaz-Plus  aadventure vfiction adramavfiction aso I enjoyed this storyvfiction aLloyd, David eillustrator